000 00780nam a22002057a 4500
005 20230710111510.0
008 230710b ||||| |||| 00| 0 eng d
040 _cAL
041 _akan
082 _223
_aK894.3
_bINDM
100 _aH B Indrakumar: ಎಚ್ ಬಿ ಇಂದ್ರಕುಮಾರ್
_9126162
245 _aMrudula: Atmada Hakkiya Hadu
_bಮೃದುಲಾ: ಆತ್ಮದ ಹಕ್ಕಿಯ ಹಾಡು
260 _aDavanagere
_bChiguru Pustaka
_c2013
300 _axiii,152p.
_bPB
_c21x14cm.
365 _2Kannada
_b110.00
_c
_d110.00
650 _aKannada Fiction: ಕನ್ನಡ ಕತೆ
_9126163
650 _aKannada Novel
_9126164
700 _aINDRAKUMAR (H B): ಇಂದ್ರಕುಮಾರ್ (ಎಚ್ ಬಿ)
_9126165
942 _2ddc
_cDB
999 _c227785
_d227785